Hybrid power generation to glow the dome of SEECS (Record no. 11303)

000 -LEADER
fixed length control field 00605 a2200181 4500
003 - CONTROL NUMBER IDENTIFIER
control field NUST
038 ## - RECORD CONTENT LICENSOR
Staff Name a
082 ## - DEWEY DECIMAL CLASSIFICATION NUMBER
Classification number BEE-5
100 ## - MAIN ENTRY--PERSONAL NAME
Personal name Muhammad Ehtisham Asghar
9 (RLIN) 93403
245 ## - TITLE STATEMENT
Title Hybrid power generation to glow the dome of SEECS
Statement of responsibility, etc. Muhammad Ehtisham Asghar
260 ## - PUBLICATION, DISTRIBUTION, ETC.
Place of publication, distribution, etc. Islamabad
Name of publisher, distributor, etc. NUST-SEECS
Date of publication, distribution, etc. 2012
300 ## - PHYSICAL DESCRIPTION
Extent 117p.
Other physical details ;ill.
Dimensions ;27cm.+
Accompanying material CD ROM
500 ## - GENERAL NOTE
General note Supervisors: Mr. Abid Mushtaq, Mr. Maajid Maqbool, Dr. Habib ur Rehman
563 ## - BINDING INFORMATION
Binding note a
700 ## - ADDED ENTRY--PERSONAL NAME
Personal name Muhammad Zubair, Usman Hassan
9 (RLIN) 93404
856 ## - ELECTRONIC LOCATION AND ACCESS
Uniform Resource Identifier <a href="http://10.250.8.41:8080/xmlui/handle/123456789/10805">http://10.250.8.41:8080/xmlui/handle/123456789/10805</a>
942 ## - ADDED ENTRY ELEMENTS (KOHA)
Koha item type Thesis
Call number prefix BEE-5 EHT
Source of classification or shelving scheme
Holdings
Withdrawn status Lost status Source of classification or shelving scheme Damaged status Not for loan Permanent Location Current Location Date acquired Full call number Barcode Date last seen Price effective from Koha item type
WITHDRAWN         Central Library (CL) Central Library (CL) 07/06/2022 BEE-5 EHT SEECSP01135 11/14/2012 11/14/2012 Project Report
© 2023 Central Library, National University of Sciences and Technology. All Rights Reserved.